Strength of materials (Record no. 6841)

MARC details
000 -LEADER
fixed length control field 00719 a2200193 4500
005 - DATE AND TIME OF LATEST TRANSACTION
control field 20080908172451.0
008 - FIXED-LENGTH DATA ELEMENTS--GENERAL INFORMATION
fixed length control field 080908t xxu||||| |||| 00| 0 eng d
010 ## - LIBRARY OF CONGRESS CONTROL NUMBER
LC control number ENG-87703
020 ## - INTERNATIONAL STANDARD BOOK NUMBER
International Standard Book Number 007066675X
Terms of availability 199.00
035 ## - SYSTEM CONTROL NUMBER
System control number EN-71236
037 ## - SOURCE OF ACQUISITION
Source of stock number/acquisition DBAD / PUB
082 ## - DEWEY DECIMAL CLASSIFICATION NUMBER
Classification number 620.112
100 ## - MAIN ENTRY--PERSONAL NAME
Personal name Sarkar, Brajendra Kumar
245 ## - TITLE STATEMENT
Title Strength of materials
Statement of responsibility, etc by Brajendra Kumar Sarkar
260 ## - PUBLICATION, DISTRIBUTION, ETC. (IMPRINT)
Place of publication, distribution, etc New Delhi
Name of publisher, distributor, etc Tata McGraw-Hill Publishing
Date of publication, distribution, etc 2008
300 ## - PHYSICAL DESCRIPTION
Extent xv, 297p.
Dimensions 23cm.(pbk)
942 ## - ADDED ENTRY ELEMENTS (KOHA)
Institution code [OBSOLETE] dpl
Koha item type English Books
Call number prefix 620.112 / SAR
Source of classification or shelving scheme Dewey Decimal Classification
Classification part 620.112
Call number suffix SAR
Holdings
Withdrawn status Lost status Damaged status Not for loan Collection code Home library Current library Date acquired Cost, normal purchase price Total Checkouts Full call number Barcode Date last seen Copy number Uniform Resource Identifier Cost, replacement price Price effective from Koha item type
      Not For Loan Non-fiction D.B.Act.Division D.B.Act.Division 08/09/2008 199.00   620.112 SAR EN-71236 15/09/2008 1 7347 199.00 15/09/2008 English Books

© Delhi Public Library
Hit Counter
free hit counter